header

The Snowy Day (Record no. 260953)

MARC details
000 -LEADER
fixed length control field 00208nam a22000977a 4500
020 ## - INTERNATIONAL STANDARD BOOK NUMBER
ISBN 0590030310
100 ## - MAIN ENTRY--AUTHOR NAME
Personal name Ezra Jack Keats
245 ## - TITLE STATEMENT
Title The Snowy Day
260 ## - PUBLICATION, DISTRIBUTION, ETC. (IMPRINT)
Place of publication New York
Name of publisher Scholastic
Year of publication 1962
942 ## - ADDED ENTRY ELEMENTS (KOHA)
Koha item type Long Loan Books
Holdings
Withdrawn status Lost status Collection code Home library Current library Shelving location Date acquired Accession Number Koha item type
    Fiction Rongo University Library Rongo University Library Children's Area 25/10/2023 CL20222244 Long Loan Books
    Fiction Rongo University Library Rongo University Library Children's Area 25/10/2023 CL20222251 Long Loan Books
    Fiction Rongo University Library Rongo University Library Children's Area 01/03/2024 CL20233291 Long Loan Books

© 2026 Rongo University
Contact us: librarian | system librarian | Rongo university